000 01655nac a2200253 a 4500
003 CO-PeBPM
005 20250205180507.0
007 ta
008 250205s2016 ck a|||| |||| 00| 0 spa d
020 _aISBN 13: 9789584245328
020 _a10: 9584245325
040 _aCO-PeBPM
_bspa
_cCO-PeBPM
_erda
041 _aspa
082 0 4 _aCo863 M539e
_222
100 1 0 _aMendoza, Mario
_eautor
245 1 0 _aEl mensajero de Agartha
_b: Zombies
_c/ Mario Mendoza; ilustraciones Óscar Abril y Alejandro Amaya
250 _aSegunda edición
260 _aBogotá, Colombia
_bEditorial Planeta Colombiana
_c, 2016
300 _a188 páginas
_bilustraciones en blanco y negro
_c21 centímetros
520 _aA Felipe le gusta leer y escribir, es curioso y tiene una gran imaginación. Por eso se siente solo, porque nadie, ni siquiera sus padres, lo entienden. Después de la muerte de su abuela, es contactado por Max, una extraña entidad que le anuncia una misión: debe darle un mensaje al mundo. Felipe duda de su realidad, jamás se había sentido tan confundido. Entonces, el azar lo lleva al jardín surrealista de Edward James, en México, donde un chamán le informa que la sensibilidad es su mejor arma y que el planeta entero es acechado por fuerzas malignas. Así, Felipe descubre cuál es el mensaje que debe dar: la humanidad está bajo ataque desde hace siglos y el golpe final está a punto de ocurrir. Este es solo el inicio de una gran aventura que lo llevará por toda Latinoamérica y míticas ciudades subterráneas.
650 1 4 _aNovelas juveniles colombianas
_2LEMB
650 1 4 _aLiteratura juvenil colombiana
_2LEMB
942 _2ddc
_cBK
_n0
999 _c60478
_d60478